| 000 | 00662nam a22002057a 4500 | ||
|---|---|---|---|
| 005 | 20241023130246.0 | ||
| 010 | _aENG-142309 | ||
| 020 |
_c599.00 _a9789391028664 |
||
| 035 | _aEN-125841 | ||
| 037 | _bDBAD | ||
| 082 |
_a500 _21 |
||
| 100 |
_aPulakkat, Hari _973242 |
||
| 245 |
_aSpace Life Matter/ _cby Hari Pulakkat |
||
| 250 | _a1 | ||
| 260 |
_aGurugram _bHachette Book Publishing India Pvt.Ltd _c2021 |
||
| 270 |
_bGurugram _a4th & 5th Floors, Corporate Centre Plot No.94, Sector44, _e122003 _mwww.hachetteindia.com |
||
| 300 |
_axxii,314p. _c21cm(pb) |
||
| 500 | _aThe Coming of Age of Indian Science | ||
| 942 |
_2ddc _cEN _h500 _mPUL _e1 |
||
| 999 |
_c206626 _d206626 |
||